01248nam a2200301Ia 4500001001200000003000800012006001900020007001500039008004100054010001700095020001800112020001800130040002100148035002100169050002700190100003100217245014000248260003300388300001500421490005700436504005100493533015200544630006400696650001400760655002900774710001700803856012600820ebr10627589CaPaEBRm u cr cn|||||||||120608s2013 nyu sb 001 0 eng d z 2012019433 z9781433119019 z9781453909089 aCaPaEBRcCaPaEBR a(OCoLC)81937972314aBS1475.52b.F84 2013eb1 aFuhr, Richard Alan,d1971-13aAn analysis of the inter-dependency of the prominent motifs within the book of Qoheleth[electronic resource] /cRichard Alan Fuhr, Jr. aNew York :bP. Lang,cc2013. aix, 230 p.0 aStudies in biblical literature,x1089-0645 ;vv. 151 aIncludes bibliographical references and index. aElectronic reproduction.bPalo Alto, Calif. :cebrary,d2011.nAvailable via World Wide Web.nAccess may be limited to ebrary affiliated libraries.00aBible.pO.T.pEcclesiastesxCriticism, interpretation, etc. 0aTheology. 7aElectronic books.2local2 aebrary, Inc.40uhttp://site.ebrary.com/lib/rucke/Doc?id=10627589zAn electronic book accessible through the World Wide Web; click to view